Crystallization technology handbook
Enregistré dans:
| Auteur principal: | |
|---|---|
| Format: | Livre |
| Langue: | anglais |
| Publié: |
Nueva York
Marcel Dekker
2001
|
| Édition: | 2a. ed |
| Sujets: | |
| Tags: |
Ajouter un tag
Pas de tags, Soyez le premier à ajouter un tag!
|
MARC
| LEADER | 00000nam a2200000 a 4500 | ||
|---|---|---|---|
| 001 | UCM0449 | ||
| 003 | CL-VaPUC | ||
| 008 | 020301e20010000US |||||||||||||||||eng|d | ||
| 082 | 0 | 4 | |a 660.284298 |b MER |2 21 |
| 100 | |a Mersmann, Alfons |e autor |9 467239 | ||
| 245 | 1 | 0 | |a Crystallization technology handbook |
| 250 | |a 2a. ed | ||
| 300 | |a 832 p | ||
| 942 | |c BK | ||
| 945 | |d 20020301 00:00:00 |a cmena | ||
| 260 | |a Nueva York |b Marcel Dekker |c 2001 | ||
| 650 | 7 | |a INGENIERIA QUIMICA - CRISTALIZACION |2 CL-VaPUC |9 467240 | |
| 650 | 0 | |a Productos químicos |9 326289 | |
| 650 | 7 | |a CRISTALIZACION |2 CL-VaPUC |9 352270 | |
| 583 | |a last modification |c 20020301 00:00:00 |k Rodrigo Vera | ||
| 999 | |c 299355 |d 299353 | ||
| 952 | |0 0 |1 0 |4 0 |6 660_284298000000000_MER_2001 |7 0 |8 A |9 355840 |a BIBING |b BIBING |d 2019-11-21 |i 379461K |l 2 |o 660.284298 MER 2001 |p 379461K |q 2024-12-31 |r 2024-07-24 |s 2024-07-24 |w 2019-11-21 |y BK |k EIQ | ||